<?xml version="1.0" encoding="UTF-8"?><?xml-stylesheet type="text/xsl" href="static/style.xsl"?><OAI-PMH xmlns="http://www.openarchives.org/OAI/2.0/" xmlns:xsi="http://www.w3.org/2001/XMLSchema-instance" xsi:schemaLocation="http://www.openarchives.org/OAI/2.0/ http://www.openarchives.org/OAI/2.0/OAI-PMH.xsd"><responseDate>2026-04-13T13:27:47Z</responseDate><request verb="GetRecord" identifier="oai:www.recercat.cat:2117/116098" metadataPrefix="marc">https://recercat.cat/oai/request</request><GetRecord><record><header><identifier>oai:recercat.cat:2117/116098</identifier><datestamp>2026-01-21T06:03:01Z</datestamp><setSpec>com_2072_1033</setSpec><setSpec>col_2072_452950</setSpec></header><metadata><record xmlns="http://www.loc.gov/MARC21/slim" xmlns:dcterms="http://purl.org/dc/terms/" xmlns:xsi="http://www.w3.org/2001/XMLSchema-instance" xmlns:doc="http://www.lyncode.com/xoai" xsi:schemaLocation="http://www.loc.gov/MARC21/slim http://www.loc.gov/standards/marcxml/schema/MARC21slim.xsd">
   <leader>00925njm 22002777a 4500</leader>
   <datafield ind2=" " ind1=" " tag="042">
      <subfield code="a">dc</subfield>
   </datafield>
   <datafield ind2=" " ind1=" " tag="720">
      <subfield code="a">Marsal Monge, Agustín</subfield>
      <subfield code="e">author</subfield>
   </datafield>
   <datafield ind2=" " ind1=" " tag="720">
      <subfield code="a">Cuadros Domènech, Sara</subfield>
      <subfield code="e">author</subfield>
   </datafield>
   <datafield ind2=" " ind1=" " tag="720">
      <subfield code="a">Ollé Otero, Lluís</subfield>
      <subfield code="e">author</subfield>
   </datafield>
   <datafield ind2=" " ind1=" " tag="720">
      <subfield code="a">Bacardit Dalmases, Anna</subfield>
      <subfield code="e">author</subfield>
   </datafield>
   <datafield ind2=" " ind1=" " tag="720">
      <subfield code="a">Manich, Albert</subfield>
      <subfield code="e">author</subfield>
   </datafield>
   <datafield ind2=" " ind1=" " tag="720">
      <subfield code="a">Font Vallès, Joaquim</subfield>
      <subfield code="e">author</subfield>
   </datafield>
   <datafield ind2=" " ind1=" " tag="260">
      <subfield code="c">2018-03-12</subfield>
   </datafield>
   <datafield ind2=" " ind1=" " tag="520">
      <subfield code="a">Due to its carcinogenic character, the presence of formaldehyde in leather continues to be a subject of great concern. By using formaldehyde scavengers, it is possible to reduce the formaldehyde content in leather. In this work, the potential ability of three different compounds (ethylene urea, pyrogallol and gallic acid) to reduce the formaldehyde content in splits leathers treated with formaldehyde resins (melamine-formaldehyde and dicyandiamide-formaldehyde) is assessed. This capacity is compared with that of a fourth scavenger (hydroxylamine sulphate) already used in tanneries. The evolution of the formaldehyde content with time is also considered, as well as the potential coadjuvant effect of other compounds such as mimosa extract and an acid dye (Acid Black 234). Hydroxylamine sulphate initially showed the highest ability to reduce formaldehyde content. However, after a certain time, this ability proved to be inferior to the ability of other compounds due to the reversibility of the reaction between hydroxylamine and formaldehyde. Pyrogallol showed a higher ability than gallic acid when used in the final wash of leather processing. However, the treatment with pyrogallol results in a darkening of the leather; this darkening limits its use. Gallic acid may be a good alternative to formic acid as the final fixing agent in leather processing when the presence of formaldehyde in leathers is suspected. The use of gallic acid in the final wash or as a fixing agent fulfils the formaldehyde content limit (65–75¿mg/kg) of the major brands in leather goods in direct contact with the skin. The addition of 2% of gallic acid in the final wash of leather processing resulted in formaldehyde content reductions that varied from 65% to 85%. However, further experiments are required to assess the influence of gallic acid on the fastness properties and the coloration acquired by the treated leathers. The joint effect of gallic acid in the final wash or as a fixing agent and mimosa extract as a retanning agent in formaldehyde content reduction is even enhanced by subsequently using a dye with amino groups in its chemical structure. Reducing the formaldehyde content by using scavengers can contribute to the achievement of a cleaner production in those sectors (leather, textile, wood) that use formaldehyde resins.</subfield>
   </datafield>
   <datafield ind2=" " ind1=" " tag="520">
      <subfield code="a">Peer Reviewed</subfield>
   </datafield>
   <datafield ind2=" " ind1=" " tag="520">
      <subfield code="a">Postprint (published version)</subfield>
   </datafield>
   <datafield tag="653" ind2=" " ind1=" ">
      <subfield code="a">Àrees temàtiques de la UPC::Enginyeria química</subfield>
   </datafield>
   <datafield tag="653" ind2=" " ind1=" ">
      <subfield code="a">Leather</subfield>
   </datafield>
   <datafield tag="653" ind2=" " ind1=" ">
      <subfield code="a">Tanning</subfield>
   </datafield>
   <datafield tag="653" ind2=" " ind1=" ">
      <subfield code="a">Formaldehyde</subfield>
   </datafield>
   <datafield tag="653" ind2=" " ind1=" ">
      <subfield code="a">Cuir</subfield>
   </datafield>
   <datafield tag="653" ind2=" " ind1=" ">
      <subfield code="a">Adoberia</subfield>
   </datafield>
   <datafield tag="653" ind2=" " ind1=" ">
      <subfield code="a">Formaldehid</subfield>
   </datafield>
   <datafield ind2="0" ind1="0" tag="245">
      <subfield code="a">Formaldehyde scavengers for cleaner production: A case study focused on the leather industry</subfield>
   </datafield>
</record></metadata></record></GetRecord></OAI-PMH>